000
00274nam a2200109Ia 4500
008
190216s9999||||xx |||||||||||||| ||und||
100
_a
Viswanath
245
0
_a
Adunika Gadya Mathrgakal
260
_b
Calicut University Publications
650
_a
Essay Malayalam
942
_c
BK
999
_c
25643
_d
25643